Principles of corporate finance/ (Record no. 3625)

MARC details
000 -LEADER
fixed length control field 00759nam a22002417a 4500
003 - CONTROL NUMBER IDENTIFIER
control field OSt
005 - DATE AND TIME OF LATEST TRANSACTION
control field 20250711064432.0
008 - FIXED-LENGTH DATA ELEMENTS--GENERAL INFORMATION
fixed length control field 250711b |||||||| |||| 00| 0 eng d
020 ## - INTERNATIONAL STANDARD BOOK NUMBER
International Standard Book Number 9781259253331
040 ## - CATALOGING SOURCE
Original cataloging agency DWCL - Main lib
Transcribing agency OC
082 ## - DEWEY DECIMAL CLASSIFICATION NUMBER
Classification number Circ. 658.15 B828p 2017
100 ## - MAIN ENTRY--PERSONAL NAME
Personal name Brealey, Richard A.
245 ## - TITLE STATEMENT
Title Principles of corporate finance/
Statement of responsibility, etc. Richard A. Brealey
250 ## - EDITION STATEMENT
Edition statement 12th edition.
260 ## - PUBLICATION, DISTRIBUTION, ETC.
Place of publication, distribution, etc. New York, NY :
Name of publisher, distributor, etc. McGraw-Hill Education,
Date of publication, distribution, etc. c2017.
300 ## - PHYSICAL DESCRIPTION
Extent xxvii, 896 pages :
Other physical details color illustrations ;
Dimensions 26 cm.
504 ## - BIBLIOGRAPHY, ETC. NOTE
Bibliography, etc. note Includes index.
650 ## - SUBJECT ADDED ENTRY--TOPICAL TERM
Topical term or geographic name entry element 1.Corporate finance.
650 ## - SUBJECT ADDED ENTRY--TOPICAL TERM
Topical term or geographic name entry element 2. Management-- Finance.
700 ## - ADDED ENTRY--PERSONAL NAME
Personal name Stewart C. Myers
700 ## - ADDED ENTRY--PERSONAL NAME
Personal name Allen Franklin
942 ## - ADDED ENTRY ELEMENTS (KOHA)
Source of classification or shelving scheme Dewey Decimal Classification
Koha item type Book Circulation
Edition 12th edition.
Call number prefix Circ.
Suppress in OPAC No
952 ## - LOCATION AND ITEM INFORMATION (KOHA)
--
Holdings
Withdrawn status Lost status Source of classification or shelving scheme Damaged status Not for loan Home library Current library Shelving location Date acquired Total Checkouts Full call number Barcode Date last seen Copy number Price effective from Koha item type Uniform Resource Identifier
    Dewey Decimal Classification     College Library College Library Circulation 07/25/2017   Circ. 658.15 B828p 2017 51612 07/11/2025 c1 07/11/2025 BK-CIRC